| 000 | 01017nam a2200229 i 4500 | ||
|---|---|---|---|
| 001 | 32174 | ||
| 003 | ES-MaACL | ||
| 005 | 20250809023207.0 | ||
| 007 | t| | ||
| 008 | 030303s1881 sp ||||1| spa d | ||
| 080 | _a630:351.823.1(460)"18"(094.5) | ||
| 100 | 1 |
_aDíaz Rocafull, Aurelio. _944410 |
|
| 245 | 1 | 0 |
_aIndice de la legislación del ramo de montes desde las ordenanzas de 1833 hasta el año de 1880 inclusive / _cpor Aurelio Díaz Rocafull. |
| 260 |
_aMadrid : _b[s.n.], _c1881 ( _fImp. de Moreno y Rojas) |
||
| 300 |
_a134 p. ; _c23 cm. |
||
| 530 | _aDisponible también en sitio web. | ||
| 650 | 7 |
_aDerecho forestal- _zEspaña _2 _9148105 |
|
| 710 | 1 |
_aEspaña. _tLeyes, etc., de montes. _9150364 |
|
| 852 |
_aES-MaACL _jG-9536(1) _q. - Encuadernado con otras obras _z.- Forma parte de la col. facticia "Varios sobre montes" |
||
| 856 |
_uhttp://bibliotecadigitalhispanica.bne.es:80/webclient/DeliveryManager?pid=1839237&custom_att_2=simple_viewer _zIr a la página |
||
| 999 |
_c32174 _d32174 |
||